Kanye West Presents Good Music Cruel Summer Tracklist - Statistics

General Stats
  • This quiz has been taken 60 times
  • The average score is 7 of 12
Answer Stats
Hint Answer % Correct
2 Clique
90%
12 Don't Like.1
90%
3 Mercy.1
80%
4 New God Flow.1
70%
1 To The World
65%
6 Cold.1
60%
10 Creepers
60%
8 Sin City
60%
5 The Morning
40%
11 Bliss
35%
7 Higher
30%
9 The One
30%
No matching quizzes found
Score Distribution
Percent of People with Each Score
Percentile by Number Answered
Your Score History
You have not taken this quiz